000 00675nam a2200253Ia 4500
003 OSt
005 20220918164726.0
006 a|||||r|||| 00| 0
007 ta
008 220917b |||||||| |||| 00| 0 eng d
020 _a0719007771 (hbk)
024 _a103,899
037 _cTextual
040 _aARTS
_cARTS
_beng
041 _2eng
_aeng
082 _aR635, M0
100 _aFeuerstain Georg A
_920308
245 0 _aPhilosophy of classical yoga
260 _aManschester
_bManchester University Press
_c1980
300 _axi, 140p.
_ccm.
650 _aYOGA
_92333
942 _hR635, M0
_cTEXL
_2CC
999 _c126194
_d126194